[Event "Basque-ch 2019"]
[Site "Getxo"]
[Date "2019.04.24"]
[Round "3.6"]
[White "Prieto Aranguren, Alain"]
[Black "Perez Fernandez, Modesto"]
[Result "1/2-1/2"]
[WhiteElo "2257"]
[BlackElo "2115"]
[Annotator "TA"]
[PlyCount "154"]
[EventDate "2019.04.22"]
[EventType "swiss"]
[EventCountry "ESP"]
[SourceTitle "playchess.com"]
[Source "ChessBase"]
[SourceQuality "1"]

{[%evp 23,154,0,13,6,0,9,37,6,18,19,54,-28,-37,-18,0,0,0,0,0,0,0,0,0,0,0,-47,0,-23,-21,-22,0,0,0,0,0,0,3,4,15,-42,0,0,0,-9,48,10,11,4,7,4,7,0,0,0,0,0,0,-10,-6,-6,0,0,0,0,8,0,8,0,8,0,0,0,0,0,0,0,0,0,8,8,8,0,0,0,8,8,8,0,0,0,0,0,0,0,0,0,303,8,8,0,0,0,8,0,0,-8,-8,-29970,-29970,-29978,-29973,-29973,-29973,-29972,-29969,-29967,-29963,-1366,-160,-6428,-8,-8,-8,-8,-8,-8,-8,-8,-8,-8,8,8,8]} 1. d4 d5 2. c4 c6 3. Nf3 Nf6 4. Nc3 e6 5. Bg5 h6 6. Bh4 dxc4 7. e4 g5 8. Bg3 b5 9. Be2 Bb7 10. h4 g4 11. Ne5 h5 12. O-O Nbd7 13. Qc2 {D43: Semi-Slav: 5 Bg5 h6} Nxe5 14. Bxe5 Bg7 15. Rad1 {White is slightly better.} O-O 16. Bg3 Nh7 {[#]} 17. d5 $146 (17. e5 $14) ({Predecessor:} 17. e5 f5 18. exf6 Qxf6 19. b3 cxb3 20. axb3 Rfd8 {1-0 (67) Van Wely,L (2617)-Dreev,A (2682) Dordrecht 2004}) 17... exd5 $11 18. exd5 cxd5 {Strongly threatening ...d4.} 19. Nxb5 Qb6 20. Nd6 $1 Rad8 ({Avoid the trap} 20... Bxb2 $2 21. Rb1 $18) 21. Nxb7 Qxb7 22. b3 cxb3 23. axb3 Rfe8 24. Rfe1 Qc8 25. Qb1 Qc3 26. Bd3 Nf8 27. Rxe8 Rxe8 28. Bb5 Re4 29. Kh2 Qc5 30. Bd3 Re8 31. Rc1 (31. b4 $11 Qc6 32. Qa2) 31... Qd4 32. Bb5 Re4 33. Bc6 Qb2 ({Better is} 33... Be5 $11 34. Qc2 Rf4 $1 {[%mdl 512]}) 34. Bxd5 Qxb1 35. Rxb1 Rd4 36. Bc4 Ng6 37. Re1 Bf6 38. Re8+ Kg7 39. Ra8 Rd7 40. Bb5 Rb7 41. Rb8 $132 {[%mdl 2048] White is not keeping still} Rxb8 (41... Re7 {is more complex.} 42. Bc4 Bxh4 43. Bxh4 Nxh4 44. Rb5 Kh6) 42. Bxb8 {[%mdl 4096] Endgame KBB-KBN} Bd4 43. Kg3 f5 44. f4 Bf6 45. Bxa7 Bxh4+ 46. Kh2 Be1 47. g3 h4 48. Bd4+ Kh7 49. gxh4 Nxf4 50. Be3 Ne6 51. Bd7 Ng7 52. Bg5 Kg6 53. Kg2 Kh5 54. Bf6 Kg6 55. Be7 Kh5 56. b4 f4 57. b5 {Kf1 is the strong threat.} f3+ 58. Kf1 Ba5 {aiming for ...Bb6.} 59. Bf6 Kg6 $2 {[%mdl 8192]} (59... g3 $11 {and Black is okay.} 60. Bd4 Kxh4) 60. Bd4 $2 ({White has to play} 60. Bxg7 $1 $18 Kxg7 61. Bxg4) 60... Nf5 61. Bf2 Bc7 62. b6 Bb8 63. b7 g3 64. Bxf5+ Kxf5 {[#] KB-KB} 65. Be3 $2 {[%mdl 8192]} (65. Bxg3 $1 $11 {[%mdl 512]} Bxg3 66. h5) 65... Kg4 66. Kg1 Kxh4 67. Bd4 Kg4 68. Kf1 Kf5 69. Ke1 Ke4 70. Bg1 Kd3 $2 (70... Kf4 $19 {Hoping for ...Kg4.} 71. Bd4 Kg4) 71. Bb6 $2 {[#]} (71. Kf1 $17 Ke4 72. Ke1) 71... Kc4 $2 (71... g2 $1 $19 {( -> ...Bg3+)} 72. Kf2 Ke4) 72. Kd2 {The position is equal.} Kb5 (72... Kd5 $5 73. Ke3 $8 f2 $11) 73. Bg1 Kc6 74. Ke3 f2 {[#]} 75. Bxf2 $1 {[%mdl 512]} Ba7+ (75... gxf2 76. Kxf2) 76. Ke2 Kxb7 77. Bxg3 Kc6 {Accuracy: White = 44%, Black = 42%.} 1/2-1/2

[Event "Basque-ch 2019"]
[Site "Getxo"]
[Date "2019.04.25"]
[Round "4.1"]
[White "Del Rio De Angelis, Salvador G."]
[Black "Trigo Urquijo, Sergio"]
[Result "1-0"]
[WhiteElo "2457"]
[BlackElo "2383"]
[Annotator "TA"]
[PlyCount "65"]
[EventDate "2019.04.22"]
[EventType "swiss"]
[EventCountry "ESP"]
[SourceTitle "playchess.com"]
[Source "ChessBase"]
[SourceQuality "1"]

{[%evp 21,65,19,26,33,41,0,9,1,7,3,11,0,7,0,0,0,7,0,0,-7,0,-17,0,-220,-60,-62,-51,-55,0,2,6,7,40,23,104,95,95,98,97,102,431,431,735,695,1192,1171]} 1. d4 Nf6 2. Nf3 e6 3. c4 d5 4. Nc3 c5 5. cxd5 Nxd5 6. e4 Nxc3 7. bxc3 cxd4 8. cxd4 Bb4+ 9. Bd2 Bxd2+ 10. Qxd2 O-O 11. Bc4 Nd7 12. O-O {D41: Queen's Gambit Declined: Semi-Tarrasch with 5 cxd5} b6 13. d5 Nc5 14. Rad1 {The position is equal.} exd5 15. Bxd5 Bb7 16. Qf4 {Threatens to win with Bxb7.} Qe7 17. Rfe1 {[#]} Rfe8 $146 ({Predecessor:} 17... Rad8 18. h4 Bxd5 19. exd5 Qd6 {1-0 (49) Le,Q (2737)-Kravtsiv,M (2672) Riadh 2017}) 18. Re3 Rad8 19. h3 Ne6 20. Qg4 Qf6 21. Ra3 a6 22. Nh4 $2 {[#]} (22. Rad3 $11 Bxd5 23. Rxd5) 22... Bxd5 $2 ({Black should play} 22... h5 $1 $19 {[%cal Rh5g4][%mdl 512]} 23. Qf3 (23. Qxh5 $2 Nf4 $19) 23... Rxd5 24. exd5 Qxh4) 23. exd5 $15 Nf4 {White must now prevent ...h5.} 24. Nf5 Re4 ({Avoid the trap} 24... Nxd5 $2 25. Rad3 $18) (24... Rxd5 $15 25. Rxd5 Nxd5) 25. Re3 $11 h5 $132 {[%mdl 2048] Black has counterplay} 26. Qf3 Rxe3 27. Nxe3 Qe5 {[#]} (27... b5 $11) 28. h4 $1 $16 b5 29. g3 Ng6 30. Nf5 {d6 is the strong threat.} Qb2 $2 {[%mdl 8192]} (30... Ne7 $16 {is more resistant.} 31. Nxe7+ Qxe7) 31. Qxh5 $18 {White is clearly winning.} Qc2 (31... Qf6 $142 32. d6 Qe6) 32. d6 b4 33. Qg4 {Accuracy: White = 52%, Black = 33%.} 1-0

[Event "Basque-ch 2019"]
[Site "Getxo"]
[Date "2019.04.25"]
[Round "4.2"]
[White "Argandona Riveiro, Inigo"]
[Black "Urriza Iricibar, Pablo"]
[Result "0-1"]
[WhiteElo "2411"]
[BlackElo "2301"]
[Annotator "TA"]
[PlyCount "46"]
[EventDate "2019.04.22"]
[EventType "swiss"]
[EventCountry "ESP"]
[SourceTitle "playchess.com"]
[Source "ChessBase"]
[SourceQuality "1"]

{[%evp 14,76,32,0,9,0,0,0,-3,-22,-31,-63,-43,-41,-39,-65,-55,-136,-122,-203,-204,-213,-214,-204,-204,-197,-202,-258,-260,-282,-296,-355,-297,-301,-260,-306,-287,-627,-620,-618,-618,-643,-639,-614,-613,-1294,-376,-377,-381,-427,-416,-395,-387,-1273,-1206,-852,-322,-1054,-1011,-710,-792,-29991,-29992,-29993,-29994]} 1. Nf3 f5 2. d4 Nf6 3. c4 g6 4. g3 Bg7 5. Bg2 O-O 6. O-O d6 7. Nc3 c6 8. Qd3 Na6 {A88: Dutch Defence: Leningrad System: 5 Nf3 0-0 6 0-0 d6 7 Nc3 c6} 9. a3 Qe8 10. e4 e5 {The position is equal.} 11. dxe5 (11. Re1 fxe4 12. Nxe4 Bf5 13. Nxf6+ Bxf6 14. Qb3 e4 15. Bh6 Qd7 16. Ng5 Bxd4 17. Bxf8 Rxf8 {0-1 (35) Enchev,I (2432)-Bartel,M (2665) Plovdiv 2012}) 11... dxe5 12. Be3 f4 13. gxf4 $146 ({Predecessor:} 13. Bd2 Nc5 14. Qc2 Bg4 15. h3 Bxf3 16. Bxf3 {½-½ (40) Ek,H-Kaiszauri,K Gothenburg 1975}) 13... exf4 14. Bd4 Bg4 15. Bxf6 (15. e5 $15 Nd7 16. Ne4) 15... Bxf6 $17 16. Rfe1 (16. b4 $17) 16... Nc5 $19 17. Qf1 Bxf3 18. Bxf3 Bxc3 19. bxc3 Qe5 20. Qh3 Rad8 ({Much less strong is} 20... Qxc3 21. e5 $19) 21. Rad1 Qxc3 22. e5 {[#] Bd5+! is the strong threat.} Kg7 ({Weaker is} 22... Qxc4 23. Rc1 $19) 23. Rc1 Qxa3 {Played: Qc3-d4} 0-1

[Event "Basque-ch 2019"]
[Site "Getxo"]
[Date "2019.04.25"]
[Round "4.3"]
[White "Ruiz Abad, Juan Manuel"]
[Black "Narciso Dublan, Marc"]
[Result "0-1"]
[WhiteElo "2124"]
[BlackElo "2491"]
[Annotator "TA"]
[PlyCount "82"]
[EventDate "2019.04.22"]
[EventType "swiss"]
[EventCountry "ESP"]
[SourceTitle "playchess.com"]
[Source "ChessBase"]
[SourceQuality "1"]

{[%evp 14,84,31,26,35,19,36,5,28,0,0,0,0,-9,-11,-10,-10,-20,12,5,8,-42,-64,-45,-42,-51,0,-197,-200,-366,-374,-374,-345,-349,-209,-201,-204,-233,-97,-119,-80,-80,-68,-80,-81,-76,-86,-152,-137,-121,-96,-106,-88,-500,-83,-287,-114,-107,-106,-123,-52,-205,-130,-1447,-1323,-2839,-1865,-5185,-5185,-29995,-29996,-29997,-29998]} 1. e4 e5 2. Nf3 Nc6 3. Bb5 g6 4. O-O Bg7 5. c3 a6 6. Ba4 Nge7 7. d4 exd4 8. cxd4 b5 {C60: Ruy Lopez: Unusual Black 3rd moves and 3...g6} 9. Bb3 d6 (9... O-O 10. Nc3 d6 11. h3 Na5 12. Bc2 c5 13. dxc5 dxc5 14. Qxd8 Rxd8 {0-1 (65) Vachier Lagrave,M (2789)-Mamedyarov,S (2808) Leuven 2018}) 10. h3 O-O {The position is equal.} 11. Bg5 h6 12. Be3 Na5 13. Bc2 Nc4 14. Bc1 Bb7 $146 ({Predecessor:} 14... c5 15. a4 {0-1 (41) Corvi,M (2307)-Loiacono,L (2266) Gallipoli 2018}) 15. a4 f5 16. Re1 Qd7 $36 {[%mdl 2048] Black is more active.} 17. Nh4 fxe4 18. Bxe4 Bxe4 19. Rxe4 g5 (19... d5 $15 20. Re1 b4) 20. Qg4 $2 (20. Nf3 $1 $11) 20... Qxg4 $19 21. hxg4 $2 (21. Rxg4 {was forced.} gxh4 22. Bxh6) 21... gxh4 22. Rxe7 Bxd4 23. Be3 Bxe3 (23... Bxb2 $142 24. Ra2 Bf6 25. Rxc7 Nxe3 26. fxe3 Rae8) 24. fxe3 b4 25. Rxc7 Nxe3 ({Don't play} 25... Nxb2 26. Nd2 $17) (25... Rac8 $19 {has better winning chances.} 26. Rxc8 Rxc8) 26. Nd2 $17 Nxg4 27. Rc4 h5 28. Rxb4 Rab8 $1 {[%cal Rb8b4]} 29. Rd4 Rxb2 30. Rd1 (30. Rxd6 $142 Rf2 31. Rd1) 30... Ne3 31. Rc1 Nf5 32. Rd5 Ng3 {aiming for ...Ne2+.} 33. Kh2 $2 {[%mdl 8192]} (33. Re1 $17 {is tougher.}) 33... Rf6 $2 (33... Rf2 $19 34. Rc8+ Kf7 35. Rxd6 Rfxd2 36. Rc7+ Ke8 $1 {[%mdl 512]} 37. Rxd2 Rxd2) 34. Kh3 $2 (34. Nc4 $17 {was necessary.} Rb4 35. Nxd6) 34... Rb4 $2 (34... Ne2 $1 $19 {[%cal Re2f4] and Black stays clearly on top.} 35. Rg5+ Kh7) 35. Rc4 {[#]} Rxc4 $1 36. Nxc4 {[%mdl 4096] Endgame [#] KRN-KRN} Rf4 ({Black should play} 36... Rf1 $1 $17 {[%cal Rf1h1]} 37. Kxh4 Ne4) 37. Nb6 $2 ({White should try} 37. Nxd6 $15 Rxa4 38. Nb7) 37... Nf5 {Strongly threatening ...Rf1.} 38. Ra5 $2 {[%mdl 8192]} (38. Nc8 $17 Kh7 39. Nxd6) 38... Rf1 $19 {[%cal Rf1h1]} 39. g4 hxg3 40. Nd5 Kf7 {( -> ...Rf2)} 41. Kg2 Rf2+ 0-1

[Event "Basque-ch 2019"]
[Site "Getxo"]
[Date "2019.04.25"]
[Round "4.4"]
[White "Huerga Leache, Mikel"]
[Black "Basto Auzmendi, Mario"]
[Result "1-0"]
[WhiteElo "2448"]
[BlackElo "1981"]
[Annotator "TA"]
[PlyCount "78"]
[EventDate "2019.04.22"]
[EventType "swiss"]
[EventCountry "ESP"]
[SourceTitle "playchess.com"]
[Source "ChessBase"]
[SourceQuality "1"]

{[%evp 9,78,4,8,-23,-14,-11,13,11,20,20,16,15,56,52,64,47,42,52,15,25,50,31,97,85,113,133,372,364,425,392,366,154,427,383,450,376,712,710,672,692,845,603,582,522,591,585,571,589,559,582,571,550,527,524,479,388,345,0,779,747,800,797,817,812,1054,1034,1054,1054,5377,1054,876]} 1. Nf3 f5 2. d3 Nc6 3. d4 (3. e4 e5 4. Nc3 Bb4 5. exf5 d5 6. d4 e4 7. Bg5 Be7 8. Bxe7 Ngxe7 9. Nh4 Bxf5 10. Qh5+ g6 11. Qh6 Qd6 12. Bb5 {½-½ (30) Malakhov,V (2654)-Ivanchuk,V (2714) Zagreb 2018}) 3... d6 4. d5 Ne5 5. Nxe5 dxe5 6. c4 $146 {A04: Unusual lines after 1 Nf3 and King's Indian Attack} ({Predecessor:} 6. e4 e6 7. Bb5+ Bd7 8. Bxd7+ Qxd7 9. dxe6 Qxd1+ 10. Kxd1 fxe4 {½-½ (38) Zaragatski,I (2491)-Nijboer,F (2526) Netherlands 2014}) 6... Nf6 7. Nc3 g6 8. g3 {The position is equal.} Bg7 9. Bg2 O-O 10. O-O h6 11. e4 f4 12. gxf4 exf4 13. e5 Ng4 14. e6 Ne5 $1 15. Be4 Qd6 (15... c6 $14) 16. Kh1 $16 Qc5 17. b3 $36 {[%mdl 2048] White has strong initiative.} a6 $2 {[#]} ({Wrong is} 17... Nxc4 $2 18. bxc4 Qxc4 19. Bb2 $18) (17... c6 $16) 18. Na4 $18 Qa7 {Now ...b5 and Black clings on.} 19. Ba3 b5 20. Nb2 ({Weaker is} 20. Bxe7 bxa4 21. Bxf8 Kxf8 $16) (20. Nc5 $18) 20... b4 $2 (20... c6 $16 {might work better.}) 21. Bxb4 Qb7 22. Qe1 ({Less strong is} 22. Bxe7 Re8 $16) 22... c5 $2 (22... c6 23. Rd1 g5) 23. Bc3 Qc7 24. Rg1 Rf6 25. d6 exd6 26. Bxe5 dxe5 27. Bxa8 Bb7+ 28. Bxb7 Qxb7+ 29. Rg2 Rxe6 30. Nd3 Qc6 31. Rd1 g5 32. Qa5 Rd6 33. Qe1 $2 ({White should play} 33. Rd2 $18) 33... f3 $2 {[%mdl 8192]} (33... Re6 $11 34. b4 cxb4 35. Nxb4 Qxc4) 34. Rg4 {White is clearly winning.} Qd7 35. Qe4 Rd4 36. Qa8+ {[%mdl 64] [#] Double Attack} Kh7 37. Rxd4 Qxd4 38. Qxf3 Kg8 39. Kg1 {And now Nxe5! would win.} e4 {Accuracy: White = 66%, Black = 31%.} 1-0

[Event "Basque-ch 2019"]
[Site "Getxo"]
[Date "2019.04.25"]
[Round "4.5"]
[White "Barbazan Bilbao, Xabier"]
[Black "Munoz Avila, Jose Luis"]
[Result "1-0"]
[WhiteElo "2094"]
[BlackElo "2146"]
[Annotator "TA"]
[PlyCount "89"]
[EventDate "2019.04.22"]
[EventType "swiss"]
[EventCountry "ESP"]
[SourceTitle "playchess.com"]
[Source "ChessBase"]
[SourceQuality "1"]

{[%evp 15,91,0,0,-16,16,0,15,0,0,0,0,0,0,16,190,187,209,181,194,206,212,192,183,195,235,220,224,225,213,204,214,206,223,233,237,235,225,212,214,134,139,140,141,132,131,129,179,183,183,192,191,188,191,181,183,201,188,195,176,186,194,181,178,181,245,237,256,244,930,930,1331,1352,1181,1166,29998,29994,29994,29995]} 1. d4 d5 2. c4 e6 3. Nc3 Be7 4. cxd5 exd5 5. Bf4 c6 6. e3 Bf5 7. Nge2 Nd7 8. Ng3 Bg6 9. Rc1 {D31: Queen's Gambit Declined: Semi-Slav without ...Nf6 (+ Marshall Gambit and Noteboom) and Exchange Variation lines without ...Nf6} (9. Be2 Ngf6 10. h4 h5 11. Bg5 Ne4 12. Bxe7 Qxe7 13. Nxh5 Bxh5 14. Bxh5 g6 15. Nxe4 Rxh5 16. Ng3 Rxh4 17. Rxh4 Qxh4 {½-½ (52) Navara,D (2741)-Harikrishna,P (2739) Linares 2018}) 9... Qb6 10. Qd2 Ngf6 11. Be2 {The position is equal.} O-O 12. O-O Rfe8 13. Na4 $146 ({Predecessor:} 13. Rfd1 Qb4 14. Bf3 Nb6 {½-½ (41) Dhooge,A (1158)-Bursian,A (800) IECG email 2000}) 13... Qd8 14. b4 b5 $2 (14... a5 $11 {and Black has nothing to worry.}) 15. Rxc6 $18 bxa4 16. Bc7 $1 {[%cal Rc7d8]} Bxb4 (16... Qc8 $2 17. Ba6 $18) 17. Qxb4 Qe7 18. Bd6 Qd8 19. Rfc1 Nb8 20. Rc7 {Threatens to win with Be7.} (20. Qxa4 Nxc6 21. Rxc6 Re6 $17) 20... a5 21. Qb7 Nbd7 22. R7c6 h5 23. Bb5 a3 24. Ba4 ({And not} 24. Bxa3 Rb8 $11) 24... h4 25. Ne2 Bd3 26. Nf4 Bc4 27. Bxa3 Rb8 28. Qc7 Nb6 {And now ...Qxc7 would win.} 29. Bb3 Qxc7 30. Rxc7 a4 31. Bxc4 Nxc4 32. Be7 {Strongly threatening Bxf6.} g5 33. Nd3 ({Resist} 33. Bxf6 $6 gxf4 34. exf4 Rb2 $14) 33... Ne4 34. f3 Ned6 {intending ...Nb5.} 35. Bxg5 Nxe3 36. Bxh4 Nb5 {[#]} 37. Re7 $1 Nxd4 {White must now prevent ...Ne2+.} 38. Re1 Rxe7 39. Bxe7 Nec2 (39... Nc4 {was necessary.} 40. Bf6 Ne6) 40. Re5 Rb1+ 41. Kf2 Ra1 $2 (41... f6 42. Bxf6 (42. Rxd5 Rd1 $11) 42... Kf7) 42. Bf6 {White wants to mate with Rh5.} Rd1 43. Rh5 {[%csl Gf6][%cal Rh5h8]} Rd2+ {[#]} 44. Kg3 $1 {[%csl Gf6][%cal Rh5h8]} Ne2+ 45. Kh4 {Played: Kg3-h3} 1-0

[Event "Basque-ch 2019"]
[Site "Getxo"]
[Date "2019.04.25"]
[Round "4.6"]
[White "Sadusea, Johnny Fernando"]
[Black "Prieto Aranguren, Alain"]
[Result "0-1"]
[WhiteElo "2150"]
[BlackElo "2257"]
[Annotator "TA"]
[PlyCount "60"]
[EventDate "2019.04.22"]
[EventType "swiss"]
[EventCountry "ESP"]
[SourceTitle "playchess.com"]
[Source "ChessBase"]
[SourceQuality "1"]

{[%evp 26,92,29,30,11,0,0,-54,-43,-53,-20,-158,-160,-154,-160,-158,-79,-115,-84,-156,-133,-146,-152,-168,-173,-173,-154,-211,-196,-224,-170,-168,-167,-226,-158,-191,-160,-262,-258,-268,-257,-290,-242,-317,-272,-243,-256,-304,-295,-325,-317,-551,-494,-29982,-539,-545,-547,-523,-541,-532,-526,-530,-531,-580,-350,-331,0,-714,-531]} 1. e4 c6 2. d4 d5 3. Nc3 dxe4 4. Nxe4 Bf5 5. Ng3 Bg6 6. h4 h6 7. Nf3 Nd7 8. h5 Bh7 9. Bd3 Bxd3 10. Qxd3 Ngf6 11. Bd2 e6 12. O-O-O Be7 13. Kb1 O-O 14. Ne4 c5 {B19: Classical Caro-Kann: 4...Bf5 main line} 15. Nxf6+ Nxf6 {[#]} 16. c4 $146 (16. Rhg1 $11) ({Predecessor:} 16. g4 Nxg4 17. Qe2 cxd4 18. Rhg1 d3 19. cxd3 f5 20. Qxe6+ Kh8 21. d4 Qd6 22. Qxd6 Bxd6 {½-½ (40) Kokarev,D (2603)-Lobanov,S (2521) Yaroslavl 2018}) 16... cxd4 $15 {Black is slightly better.} 17. Ne5 Nd7 18. Qxd4 (18. Bf4 $1 $11) 18... Nxe5 $17 19. Qxe5 {Bc3! is the strong threat.} Qd3+ 20. Ka1 {Black must now prevent Bb4!} Qxc4 ({Black should play} 20... Rad8 21. Qe3 Qxc4) 21. Rc1 Bf6 {aiming for ...Qxc1+!} 22. Qg3 ({Better is} 22. Rxc4 Bxe5 23. Be3) 22... Qb5 {[%csl Gf6][%cal Rb5b2]} 23. Bc3 Bxc3 24. Rxc3 Rac8 25. a3 Rfd8 26. Rb3 (26. Qh4 $17) 26... Qd5 27. Rb4 Rc4 28. Rxc4 Qxc4 $19 {[%mdl 4096] Endgame KQR-KQR} 29. Qe3 (29. Qf3 $142) 29... Qd4 30. Qb3 {[#]} Qxf2 {Played: Qd4-d5} 0-1

[Event "Basque-ch 2019"]
[Site "Getxo"]
[Date "2019.04.26"]
[Round "5.1"]
[White "Narciso Dublan, Marc"]
[Black "Del Rio De Angelis, Salvador G."]
[Result "1/2-1/2"]
[WhiteElo "2491"]
[BlackElo "2457"]
[Annotator "TA"]
[PlyCount "37"]
[EventDate "2019.04.22"]
[EventType "swiss"]
[EventCountry "ESP"]
[SourceTitle "playchess.com"]
[Source "ChessBase"]
[SourceQuality "1"]

{[%evp 14,37,-43,-51,-37,-16,-24,-62,-77,-84,-75,-72,-56,-44,-32,-105,-101,-108,-72,-85,-71,-94,0,-73,0,-74]} 1. e4 e6 2. d4 d5 3. e5 c5 4. Nf3 cxd4 5. Bd3 Nc6 6. O-O Nge7 7. Bf4 Ng6 8. Bg3 f5 {C02: French: Advance Variation} 9. exf6 gxf6 10. Nh4 f5 {Black is slightly better.} 11. Qh5 {[#]} Qf6 $1 12. Nd2 $146 ({Predecessor:} 12. f4 Bd6 13. Nd2 O-O 14. Rae1 Bd7 15. a3 a6 16. Kh1 {0-1 (39) Spraggett,K (2584)-Gonzalez Garcia,J (2529) Catalunya 2012}) 12... Be7 {White must now prevent ...Kd8.} 13. f4 $1 Bd7 14. Nhf3 (14. Nxg6 $15 hxg6 15. Qe2) 14... O-O-O $17 15. Rae1 Bd6 16. Qh6 Bf8 17. Qh5 Bd6 18. Qh6 $1 Bf8 19. Qh5 $1 {Accuracy: White = 62%, Black = 36%.} 1/2-1/2

[Event "Basque-ch 2019"]
[Site "Getxo"]
[Date "2019.04.26"]
[Round "5.2"]
[White "Urriza Iricibar, Pablo"]
[Black "Barbazan Bilbao, Xabier"]
[Result "0-1"]
[WhiteElo "2301"]
[BlackElo "2094"]
[Annotator "TA"]
[PlyCount "82"]
[EventDate "2019.04.22"]
[EventType "swiss"]
[EventCountry "ESP"]
[SourceTitle "playchess.com"]
[Source "ChessBase"]
[SourceQuality "1"]

{[%evp 19,82,-1,0,-7,0,0,0,-6,0,0,14,0,0,0,0,-28,16,0,0,-75,3,-26,-36,-60,-41,-62,-28,-29,-24,-41,-36,-37,-44,-66,-61,-315,-319,-587,-681,-661,-537,-665,-651,-619,-411,-441,-431,-508,-475,-472,-479,-492,-470,-484,-477,-470,-466,-648,-627,-625,-620,-587,-528,-1156,-1127]} 1. e4 c5 2. Nc3 Nc6 3. g3 g6 4. Bg2 Bg7 5. d3 d6 6. Be3 Rb8 7. Qd2 b5 {[%cal Bb7b5,Bb5b4][%mdl 32]} 8. Nge2 b4 9. Nd1 Nd4 10. O-O e6 11. a3 {B26: Closed Sicilian: 3 g3, lines with early Be3} (11. Nc1 Ne7 12. c3 bxc3 13. bxc3 Ndc6 14. Bh6 O-O 15. Bxg7 Kxg7 16. Ne3 a5 17. Ne2 Ba6 18. f4 f5 19. exf5 gxf5 20. g4 d5 21. gxf5 exf5 22. Ng3 Qd7 23. Rfe1 d4 24. Nc4 {½-½ (38) Piorun,K (2634)-Gutenev,A (2456) St Petersburg 2018}) 11... b3 12. c3 Nc2 13. Rc1 {The position is equal.} Nxe3 14. Nxe3 Ne7 15. f4 $146 ({Predecessor:} 15. d4 Ba6 16. Rfd1 O-O 17. Nf4 Qa5 18. dxc5 dxc5 {0-1 (42) Mohammadi,A (2195)-Lindberg,B (2394) Sweden 2010}) 15... O-O 16. g4 f5 17. h3 Bd7 18. Rce1 Kh8 19. Kh1 {[#]} (19. exf5 $11 exf5 20. g5) 19... Qc7 ({Black should play} 19... fxg4 $1 $17 20. Nxg4 Qc7) 20. gxf5 exf5 21. Ng1 Rbe8 22. Rf2 Bf6 23. Nf3 Bc6 24. Nc4 fxe4 25. dxe4 d5 $36 {[%mdl 2048] Black has good play.} 26. exd5 Bxd5 27. Rxe7 $4 {[%mdl 8192]} (27. Ne3 $1 $15 Rd8 28. Qe2) 27... Rxe7 $19 28. Nfe5 $2 (28. Qxd5 {keeps fighting.} Rd8 29. Nd6 Qxd6 30. Qxd6 Rxd6 31. Bf1) 28... Bxc4 29. Nxc4 Bh4 30. Rf1 Rd8 31. Qc1 Qd7 {[#] aiming for ...Re2.} 32. Ne5 Qd2 {Black is clearly winning.} 33. Nc6 Re2 34. Nxd8 {Threatens to win with Qxd2.} Rxg2 35. Qxd2 Rxd2 {[%mdl 4096] Endgame KRB-KRN} 36. Ne6 Rxb2 37. Nxc5 Be7 38. Ne6 Ra2 {And now ...b2 would win.} 39. Nd4 b2 40. Nc2 Bf6 41. Rb1 Bxc3 {Accuracy: White = 24%, Black = 72%.} 0-1

[Event "Basque-ch 2019"]
[Site "Getxo"]
[Date "2019.04.26"]
[Round "5.3"]
[White "Prieto Aranguren, Alain"]
[Black "Huerga Leache, Mikel"]
[Result "0-1"]
[WhiteElo "2257"]
[BlackElo "2448"]
[Annotator "TA"]
[PlyCount "70"]
[EventDate "2019.04.22"]
[EventType "swiss"]
[EventCountry "ESP"]
[SourceTitle "playchess.com"]
[Source "ChessBase"]
[SourceQuality "1"]

{[%evp 21,70,0,0,0,0,0,52,45,47,31,37,38,50,40,71,72,54,56,96,96,96,97,91,46,52,53,65,72,85,10,29,20,16,21,17,10,8,19,14,15,83,0,0,-164,-164,-164,-157,-915,-892,-1215,-837]} 1. d4 Nf6 ({Predecessor:} 1... e6 2. c4 {1-0 (32) Diermair,A (2426)-Tratar,M (2495) Bad Gleichenberg 2013}) 2. c4 e6 3. Nc3 Bb4 4. e3 O-O 5. Bd3 d5 6. Nf3 b6 7. O-O Bb7 8. cxd5 exd5 9. a3 Bd6 10. b4 a6 11. Qb3 Qe7 12. Rb1 {E52: Nimzo-Indian: Rubinstein: 4...0-0 5 Nf3 d5 6 Bd3 b6} Nbd7 13. a4 Ne4 $146 (13... Rfe8 $11) (13... c6 14. a5 Rfb8 15. axb6 Bc8 16. Qc2 Nxb6 17. e4 dxe4 18. Nxe4 Nxe4 19. Bxe4 h6 {1-0 (30) Mamedyarov,S (2772)-Adams,M (2747) Moscow 2017}) 14. Nxd5 $14 {White is slightly better.} Bxd5 15. Qxd5 Nc3 $1 {[%cal Rc3d5][%mdl 64] Double Attack} 16. Qb3 Nxb1 17. Qxb1 g6 18. b5 axb5 19. axb5 f5 20. e4 fxe4 21. Bxe4 Rae8 22. Bd5+ {[%mdl 1024] White has strong compensation.} Kg7 23. Bc6 h6 24. Bb2 Kh7 25. Ne5 ({White should play} 25. g3 $16) 25... Bxe5 26. dxe5 {Hoping for f4.} Rd8 27. Be4 Qe6 $1 28. f4 {Black must now prevent f5.} Nc5 29. Bc2 Rd2 $1 {And now ...Qg4! would win.} 30. Bc3 Re2 (30... Rxc2 $1 $11 31. Qxc2 Qc4) 31. Qd1 (31. h3 $16) 31... Qg4 $11 {[%csl Ge2][%cal Rg4g2]} 32. Rf2 $2 (32. g3 $1 $11 {and White has nothing to worry.}) 32... Rxf2 $40 {[%csl Gf2][%cal Rg4g2][%mdl 128] Black attacks with force.} 33. Qxg4 Rxc2 34. Qf3 $2 {[#]} (34. Be1 $17 Rc1 35. Qg3) 34... Rc1+ $1 35. Kf2 {[#]} Rxc3 {Played: Rf8xf4} 0-1